000 00483cam a22001577a 4500
008 180718b1976 xxu||||| |||| 00| 0 eng d
082 _aAPPPA 75-76 NAI
100 _aNair, C.R.
245 _aMotivation and morale of section officers of the central secretariat
_cby C.R. Nair
260 _aNew Delhi
_bIndian Institute of Public Administration
_c1976
300 _a55+p.
650 _aCentral secretariat
650 _aSection officers
650 _aMorale
650 _aMotivation
999 _c501131
_d501131